| 000 | 01073 a2200289 4500 | ||
|---|---|---|---|
| 003 | Nust | ||
| 005 | 20170207164545.0 | ||
| 020 | _a0080547362 | ||
| 020 | _a0080547362 | ||
| 020 | _a0080547362 (electronic bk.) | ||
| 020 | _a9780080547367 (electronic bk.) | ||
| 035 | _a(OCoLC)228029419 | ||
| 035 | _a(OCoLC)ocn228029419 | ||
| 040 | _cNust | ||
| 082 | 0 | 4 | _a658.4/038 |
| 100 | 1 | _aDalkir, Kimiz | |
| 245 | 1 | 0 |
_aKnowledge management in theory and practice _h[Elektronisk resurs] / _cKimiz Dalkir. |
| 256 | _aText | ||
| 260 |
_aAmsterdam ; _aBoston : _bElsevier/Butterworth Heinemann, _cc2005. |
||
| 300 |
_aPDF (xv, 356 p. : _bcol. ill.) |
||
| 500 | _aE-book | ||
| 650 | 0 | _aKnowledge management. | |
| 655 | 7 | _aElectronic books. | |
| 856 | 4 | 0 | _uhttp://login.ep.bib.mdh.se/login?url=http://www.dawsonera.com/depp/reader/protected/external/AbstractView/S9780080547367 |
| 856 | 4 | 0 | _uhttp://proxy.lib.ltu.se/login?url=http://site.ebrary.com/lib/lulea/Top?layout=document&id=10226635 |
| 856 | 4 | 0 | _uhttp://www.LUND.eblib.com/EBLWeb/patron?target=patron&extendedid=P_334026_0& |
| 942 |
_2ddc _cBK |
||
| 999 |
_c209251 _d209251 |
||